书目信息 |
| 题名: |
概率论与数理统计
|
|
| 作者: | 叶慈南 , 刘锡平 编著 | |
| 分册: | ||
| 出版信息: | 北京 科学出版社 2009.01 |
|
| 页数: | 311页 | |
| 开本: | 24cm | |
| 丛书名: | ||
| 单 册: | ||
| 中图分类: | O21 | |
| 科图分类: | ||
| 主题词: | 概率论--gai lu lun--高等学校--教材 | |
| 电子资源: | ||
| ISBN: | 978-7-03-023914-3 | |
| 000 | 01021nam0 2200253 450 | |
| 001 | 012009207700 | |
| 005 | 20091128111046.39 | |
| 010 | @a978-7-03-023914-3@dCNY31.00 | |
| 100 | @a20091128d2009 em y0chiy0120 ea | |
| 101 | 0 | @achi |
| 102 | @aCN@b110000 | |
| 105 | @aak z 000yy | |
| 106 | @ar | |
| 200 | 1 | @a概率论与数理统计@Agai lu lun yu shu li tong ji@f叶慈南, 刘锡平编著@Fye ci nan,liu xi ping bian zhu |
| 210 | @a北京@c科学出版社@d2009.01 | |
| 215 | @a311页@c图@d24cm | |
| 300 | @a上海市教育委员会重点课程建设项目 | |
| 330 | @a本书共有九章,分别介绍了随机事件与概率,随机变量及其分布,随机变量的数字特征,多维随机变量及其分布,大数定律与中心极限定理,数理统计的基本概念,参数估计,假设检验,回归分析及方差分析。每章最后都有一节介绍综合例题,每节都有相当数量的习题。书末附有这些习题的答案。 | |
| 606 | 0 | @a概率论@Agai lu lun@x高等学校@j教材 |
| 690 | @aO21@v4 | |
| 701 | 0 | @a叶慈南@Aye ci nan@4编著 |
| 701 | 0 | @a刘锡平@Aliu xi ping@4编著 |
| 801 | 0 | @aCN@bQSSK@c20091128 |
| 905 | @b767012-14@dO21@eY420@f3 | |
| 概率论与数理统计/叶慈南, 刘锡平编著.-北京:科学出版社,2009.01 |
| 311页:图;24cm |
| 上海市教育委员会重点课程建设项目 |
| ISBN 978-7-03-023914-3:CNY31.00 |
| 本书共有九章,分别介绍了随机事件与概率,随机变量及其分布,随机变量的数字特征,多维随机变量及其分布,大数定律与中心极限定理,数理统计的基本概念,参数估计,假设检验,回归分析及方差分析。每章最后都有一节介绍综合例题,每节都有相当数量的习题。书末附有这些习题的答案。 |
| ● |
| 相关链接 |
|
|
|
正题名:概率论与数理统计
索取号:O21/Y420
 
预约/预借
| 序号 | 登录号 | 条形码 | 馆藏地/架位号 | 状态 | 备注 |
| 1 | 767012 | 207670126 | 自科库401/401自科库 46排7列5层/ [索取号:O21/Y420] | 在馆 | |
| 2 | 767013 | 207670135 | 自科库401/401自科库 46排7列5层/ [索取号:O21/Y420] | 在馆 | |
| 3 | 767014 | 207670144 | 自科库401/401自科库 46排7列5层/ [索取号:O21/Y420] | 在馆 |